00266nam a2200097 a 450000500170000000800410001705000170005810000160007524500370009126000400012820140414131923.0101023s19uu xx 00 eng d aERbH83 2005 aYolen, Jane aHow do dinosaurs get well soon?. aNew York :bBlue sky press,c2005.